Statistics for Country Flags With Stars

Click here to take the quiz!

General Stats

  • This quiz has been taken 38 times
    (33 since last reset)
  • The average score is 54 of 61

Answer Stats

Answer% Correct
Algeria
100%
Australia
100%
Bosnia and Herzegovina
100%
Brazil
100%
Chile
100%
China
100%
Cuba
100%
Israel
100%
Malaysia
100%
Morocco
100%
Nepal
100%
New Zealand
100%
North Korea
100%
Pakistan
100%
Panama
100%
Angola
96%
Azerbaijan
96%
Honduras
96%
India
96%
Liberia
96%
Papua New Guinea
96%
Syria
96%
Turkey
96%
Democratic Republic of the Congo
93%
Libya
93%
Philippines
93%
Singapore
93%
Tunisia
93%
Turkmenistan
93%
Tuvalu
93%
United States of America
93%
Venezuela
93%
Vietnam
93%
Jordan
89%
Mozambique
89%
Myanmar
89%
Somalia
89%
Dominica
86%
Marshall Islands
86%
Nauru
86%
Uzbekistan
86%
Zimbabwe
86%
Comoros
82%
Ghana
82%
Mauritania
82%
Micronesia
82%
Samoa
82%
Tajikistan
82%
Burkina Faso
79%
Cameroon
79%
Djibouti
75%
Grenada
75%
Suriname
75%
Timor-Leste
75%
Guinea-Bissau
71%
Senegal
71%
Solomon Islands
71%
South Sudan
71%
Togo
71%
Saint Kitts and Nevis
68%
Sao Tome and Principe
64%

Score Distribution

Percentile by Number Answered

Percent of People with Each Score

Your Score History

You have not taken this quiz since the last reset